Tingting bilong mi : zeitgenossische Kunst aus Papua-Neuguinea /

Saved in:
Bibliographic Details
Format: Book
Language:German
Published: Stuttgart : Institut fur Auslandsbeziehungen, 1979.
Subjects:
LEADER 00871nam a22002171 4500
001 c000198949
003 CARM
005 20021125001800.0
008 851029s1979 gw 0 ger d
019 1 |a 4017175  |5 LACONCORD2021 
035 |a (OCoLC)216244964  |5 LACONCORD2021 
043 |a a-pp--- 
245 0 0 |a Tingting bilong mi :  |b zeitgenossische Kunst aus Papua-Neuguinea /  |c herausgegeben vom Institut fur Auslandsbeziehungen, Stuttgart. 
260 |a Stuttgart :  |b Institut fur Auslandsbeziehungen,  |c 1979. 
300 |a 225 p. : ill. 
650 0 |a Folk art  |z Papua New Guinea. 
650 0 |a Art, Papua New Guinean. 
852 8 |b CARM  |h A2:AM08A0  |i B06302  |p 0288481  |f BK 
082 0 4 |a 745.0995 
999 f f |i 13ff4cbb-5783-5e2c-8fad-2e4698f6393a  |s 7c89f8ab-093f-53a2-a01f-331480d79ac4 
952 f f |p Can circulate  |a CAVAL  |b CAVAL  |c CAVAL  |d CARM 1 Store  |e B06302  |f A2:AM08A0  |h Other scheme  |i book  |m 0288481